| Поле | Название | Значение |
| |
Тип записи |
i |
| |
Библиографический уровень |
m |
| 001 |
Контрольный номер |
EL/0000079138 |
| 005 |
Дата корректировки |
20230707133354.5 |
| 010 |
Индекс ISBN |
__ |
| d |
Цена |
131-31; 120-00 |
| 100 |
Данные общей обработки |
__ |
| a |
Данные общей обработки |
19060815d2004 |||y0rusy0189 ca |
| 101 |
Язык документа |
0_ |
| a |
Язык текста |
rus |
| 102 |
Страна публикации |
__ |
| a |
Страна публикации |
RU |
| 102 |
Страна публикации |
__ |
| a |
Страна публикации |
RU |
| 105 |
Кодированные данные (монография) |
__ |
| a |
Кодированные данные (монография) |
zy |
| 127 |
Кодированные данные (звукозаписи-физические характеристики) |
__ |
| a |
Продолжительность проигрывания |
09 |
| 200 |
Заглавие и сведения об ответственности |
1_ |
| a |
Заглавие |
Записки охотника |
| e |
Сведения, относящиеся к заглавию |
[cб. очерков] |
| f |
Первые сведения об ответственности |
Иван Тургенев ; текст читает В. И. Сушков |
| b |
Общее обозначение материала |
Электронный ресурс |
| 210 |
Выходные данные |
1_ |
| a |
Место издания |
[Москва?] |
| c |
Издательство |
РасМин |
| d |
Дата издания |
2004 |
| 215 |
Физическое описание |
__ |
| a |
Объем |
1 электрон. опт. диск (CD-ROM) (9 ч.) |
| c |
Иллюстрации/тип воспроизводства |
зв. |
| 225 |
Серия (Журнальная рубрика) |
2_ |
| a |
Серия (Журнальная рубрика) |
Литературные чтения |
| 230 |
Специфическая характеристика материала: электронные ресурсы |
__ |
| a |
Обозначение и объем ресурса |
Электрон. дан. |
| 300 |
Общие примечания |
__ |
| a |
Общие примечания |
Систем. требования: ПК ; МР3. - Загл. с контейнера |
| 336 |
Примечание о виде электронного ресурса |
__ |
| a |
Примечание о виде электронного ресурса |
Звуковая книга |
| 606 |
Тематические рубрики |
__ |
| a |
Основная рубрика |
Художественная литература |
| 608 |
Указатель предметных рубрик |
__ |
| a |
Жанр/форма |
аудиокнига; очерк |
| 610 |
Ключевые слова |
0_ |
| a |
Ключевые слова |
литература русская ; говорящая книга |
| 686 |
Индексы других классификаций |
__ |
| a |
Индекс ББК |
84(2Рос=Рус)1-4я04 |
| 700 |
Автор |
_1 |
| a |
Фамилия |
Тургенев |
| b |
Имя |
И. С. |
| g |
Полное личное имя |
Иван Сергеевич |
| 801 |
Источник записи |
_0 |
| a |
Страна |
RU |
| b |
Организация |
ЦУНБ Москва |
| c |
Дата составления |
20060815 |
| 801 |
Источник записи |
_1 |
| a |
Страна |
RU |
| b |
Организация |
ЦУНБ Москва |
| c |
Дата составления |
20060815 |
| 852 |
Данные о местонахождении |
__ |
| j |
Шифр хранения |
84(2Рос=Рус)1 |
| i |
Авторский знак |
Т 87 |
| p |
Инвентарный номер |
75795 |
| b |
Сигла хранения |
ООЧ-2; 8; 9; 10; 12; 14; 16; 17; 18; 22; 24; 26; 29; 32 |
| 901 |
Тип документа |
__ |
| t |
Тип документа |
m |
| 902 |
Роль лиц |
__ |
| a |
Создатель БЗ |
ОКиО/Струналь |
| 990 |
Данные о заказе (DOS) |
__ |
| j |
Количество экземпляров (DOS) |
15 |
| h |
N записи в КСУ для Б/У (DOS) |
2009-1 |